[Event "Oberliga Nord N 2324"]
[Site "Germany"]
[Date "2024.04.28"]
[Round "9.1"]
[White "Nedic, Dusan"]
[Black "Wegner, Hannu"]
[Result "1/2-1/2"]
[WhiteElo "2326"]
[BlackElo "2356"]
[PlyCount "33"]
[EventDate "2023.10.22"]
[EventType "team-tourn"]
[EventRounds "9"]
[EventCountry "GER"]
[SourceTitle "EXT 2025"]
[Source "ChessBase"]
[SourceDate "2024.10.14"]
[SourceVersion "1"]
[SourceVersionDate "2024.10.14"]
[SourceQuality "1"]
[WhiteTeam "Hamburg Schachfreunde"]
[BlackTeam "Johanneum Eppendorf"]
[WhiteTeamCountry "GER"]
[BlackTeamCountry "GER"]

1. d4 d5 2. Bf4 e6 3. e3 Bd6 4. Bg3 Nf6 5. Nd2 0-0 6. Ngf3 c5 7. c3 Qc7 8. dxc5 Qxc5 9. Be2 Rd8 10. Rc1 Bxg3 11. hxg3 Qe7 12. Ne5 Nbd7 13. Ndf3 Nxe5 14. Nxe5 Nd7 15. Nf3 Nf8 16. Qd4 f6 17. 0-0 1/2-1/2

[Event "Oberliga Nord N 0102"]
[Site "Germany"]
[Date "2002.02.03"]
[Round "5.2"]
[White "Polischuk, Viktor"]
[Black "Wegner, Hannu"]
[Result "1/2-1/2"]
[WhiteElo "2230"]
[BlackElo "2360"]
[PlyCount "97"]
[EventDate "2001.10.07"]
[EventType "team-tourn"]
[EventRounds "9"]
[EventCountry "GER"]
[SourceTitle "EXT 2002"]
[Source "ChessBase"]
[SourceDate "2001.11.25"]
[SourceVersion "1"]
[SourceVersionDate "2001.11.25"]
[SourceQuality "1"]
[WhiteTeam "Neumuenster"]
[BlackTeam "Hamburger SK II"]
[WhiteTeamCountry "GER"]
[BlackTeamCountry "GER"]

1. e4 d5 2. exd5 Qxd5 3. Nc3 Qa5 4. d4 c6 5. Bc4 Bf5 6. Nge2 e6 7. 0-0 Nd7 8. Ng3 Bg6 9. Qe2 Ngf6 10. Bb3 Bd6 11. Nce4 Bb8 12. Bd2 Qb6 13. Nxf6+ Nxf6 14. Bg5 Bxg3 15. hxg3 Qxd4 16. Rad1 Qe4 17. Rfe1 Qxe2 18. Rxe2 Rd8 19. Red2 Ke7 20. f3 Rxd2 21. Rxd2 Rd8 22. Rxd8 Kxd8 23. Kf2 Ke7 24. a3 Kd6 25. Ke2 Nd7 26. Kd2 c5 27. Bc4 f6 28. Be3 e5 29. Be2 f5 30. Bb5 Nf6 31. Bc4 Be8 32. Be2 Bc6 33. b4 b6 34. c4 h6 35. Kc3 g5 36. Bd3 f4 37. gxf4 exf4 38. Bd2 Ke5 39. Kc2 g4 40. Bc3+ Ke6 41. Bd2 gxf3 42. gxf3 Bxf3 43. Bxf4 h5 44. Kd2 Ng4 45. Bb8 h4 46. Bf1 cxb4 47. axb4 a5 48. bxa5 bxa5 49. Bh3 1/2-1/2

[Event "Oberliga Nord N 0102"]
[Site "Germany"]
[Date "2001.10.07"]
[Round "1.1"]
[White "Wegner, Hannu"]
[Black "Mitscherling, Andreas"]
[Result "1/2-1/2"]
[WhiteElo "2360"]
[BlackElo "2290"]
[PlyCount "53"]
[EventDate "2001.10.07"]
[EventType "team-tourn"]
[EventRounds "9"]
[EventCountry "GER"]
[SourceTitle "EXT 2002"]
[Source "ChessBase"]
[SourceDate "2001.11.25"]
[SourceVersion "1"]
[SourceVersionDate "2001.11.25"]
[SourceQuality "1"]
[WhiteTeam "Hamburger SK II"]
[BlackTeam "Ludwigslust"]
[WhiteTeamCountry "GER"]
[BlackTeamCountry "GER"]

1. d4 Nf6 2. c4 e6 3. Nf3 Bb4+ 4. Bd2 Qe7 5. g3 Nc6 6. Bg2 0-0 7. 0-0 Bxd2 8. Qxd2 d6 9. Nc3 e5 10. d5 Nb8 11. e4 Nh5 12. Qe3 a5 13. Nd2 g5 14. b3 Na6 15. a3 Bd7 16. Rab1 Kh8 17. b4 axb4 18. axb4 Rg8 19. Kh1 Rg6 20. c5 dxc5 21. bxc5 Nxc5 22. Nc4 Nf6 23. f3 b6 24. d6 cxd6 25. Rfd1 Be6 26. Nxd6 Nfd7 27. Ndb5 1/2-1/2

[Event "Oberliga Nord N 0001"]
[Site "Germany"]
[Date "2001.??.??"]
[Round "?"]
[White "Szelag, Marcin"]
[Black "Wegner, Hannu"]
[Result "1-0"]
[WhiteElo "2435"]
[BlackElo "2360"]
[PlyCount "83"]
[EventDate "2000.10.??"]
[EventType "team-tourn"]
[EventRounds "9"]
[EventCountry "GER"]
[SourceTitle "EXT 2004"]
[Source "ChessBase"]
[SourceDate "2003.11.25"]
[SourceVersion "1"]
[SourceVersionDate "2003.11.25"]
[SourceQuality "1"]

1. e4 e5 2. Nf3 Nc6 3. Bb5 a6 4. Ba4 Nf6 5. 0-0 Be7 6. Re1 b5 7. Bb3 0-0 8. h3 Bb7 9. d3 d6 10. a3 Nb8 11. Nbd2 Nbd7 12. Nf1 Re8 13. Ng3 h6 14. Nh2 d5 15. Qf3 c6 16. Nf5 Bf8 17. Ng4 Nxg4 18. Qxg4 Kh7 19. Bd2 g6 20. Ne3 Bg7 21. Rad1 Nf6 22. Qf3 Qd7 23. a4 Qd6 24. Ng4 Nxg4 25. hxg4 Re7 26. g3 Rd8 27. axb5 axb5 28. Kg2 c5 29. Bxd5 Bxd5 30. exd5 Qxd5 31. Re4 f6 32. Rh1 Rf7 33. Bc1 Rd6 34. b3 Ra6 35. c4 Qc6 36. Bxh6 Bxh6 37. g5 f5 38. cxb5 Qxb5 39. Rxh6+ Kg7 40. Reh4 Qc6 41. Qxc6 Rxc6 42. Rh8 1-0

[Event "BL2-Nord 9900"]
[Site "Germany"]
[Date "2000.04.09"]
[Round "9.4"]
[White "Rahls, Peter"]
[Black "Wegner, Hannu"]
[Result "0-1"]
[WhiteElo "2275"]
[BlackElo "2345"]
[PlyCount "92"]
[EventDate "1999.10.10"]
[EventType "team-tourn"]
[EventRounds "9"]
[EventCountry "GER"]
[SourceTitle "CBM 075 Extra"]
[Source "ChessBase"]
[SourceDate "2000.05.11"]
[SourceVersion "2"]
[SourceVersionDate "2000.05.11"]
[SourceQuality "1"]
[WhiteTeam "Zehlendorf"]
[BlackTeam "Hamburger SK II"]
[WhiteTeamCountry "GER"]
[BlackTeamCountry "GER"]

1. e4 e5 2. Nc3 Nc6 3. g3 Bc5 4. Bg2 a6 5. Nge2 d6 6. 0-0 Nge7 7. d3 0-0 8. Nd5 Nxd5 9. exd5 Ne7 10. d4 exd4 11. Nxd4 Nf5 12. Nb3 Bb6 13. Bd2 a5 14. Bc3 Re8 15. Qd3 a4 16. Nd2 Qg5 17. Ne4 Qg6 18. Kh1 Bd7 19. h4 f6 20. Kh2 Re7 21. Bh3 Rae8 22. Rae1 Kf8 23. Qf3 h5 24. Qf4 Ne3 25. Ng5 Bxh3 26. Kxh3 Nxd5 27. Qf3 Nxc3 28. Rxe7 Rxe7 29. bxc3 Ke8 30. Qxb7 fxg5 31. Qa8+ Kf7 32. Qxa4 g4+ 33. Kh2 Qe4 34. Qb5 Qe5 35. Qd3 g6 36. a4 Qf5 37. f3 Qxd3 38. cxd3 Re2+ 39. Kh1 gxf3 40. Rxf3+ Ke6 41. d4 Ra2 42. Rf4 d5 43. g4 hxg4 44. Rxg4 Kf6 45. Rf4+ Kg7 46. h5 gxh5 0-1

[Event "BL2-Nord 9900"]
[Site "Germany"]
[Date "2000.03.12"]
[Round "7.5"]
[White "Wegner, Hannu"]
[Black "Kleeschaetzky, Ralf"]
[Result "1/2-1/2"]
[WhiteElo "2345"]
[BlackElo "2230"]
[PlyCount "34"]
[EventDate "1999.10.10"]
[EventType "team-tourn"]
[EventRounds "9"]
[EventCountry "GER"]
[SourceTitle "CBM 075 Extra"]
[Source "ChessBase"]
[SourceDate "2000.05.11"]
[SourceVersion "2"]
[SourceVersionDate "2000.05.11"]
[SourceQuality "1"]
[WhiteTeam "Hamburger SK II"]
[BlackTeam "Berlin Empor"]
[WhiteTeamCountry "GER"]
[BlackTeamCountry "GER"]

1. Nf3 c5 2. c4 b6 3. d4 cxd4 4. Nxd4 Bb7 5. Nc3 Nf6 6. f3 d6 7. e4 e6 8. Be2 Be7 9. 0-0 0-0 10. Be3 a6 11. Qd2 Nbd7 12. Rfd1 Qc7 13. a4 Rad8 14. Kh1 Rfe8 15. Bf1 Bf8 16. a5 bxa5 17. Nb3 Rb8 1/2-1/2

[Event "BL2-Nord 9900"]
[Site "Germany"]
[Date "2000.01.09"]
[Round "4.3"]
[White "Wegner, Hannu"]
[Black "Hoerstmann, Martin"]
[Result "1-0"]
[WhiteElo "2345"]
[BlackElo "2320"]
[PlyCount "83"]
[EventDate "1999.10.10"]
[EventType "team-tourn"]
[EventRounds "9"]
[EventCountry "GER"]
[SourceTitle "CBM 074 Extra"]
[Source "ChessBase"]
[SourceDate "2000.03.10"]
[SourceVersion "2"]
[SourceVersionDate "2000.03.10"]
[SourceQuality "1"]
[WhiteTeam "Hamburger SK II"]
[BlackTeam "Isernhagen"]
[WhiteTeamCountry "GER"]
[BlackTeamCountry "GER"]

1. d4 g6 2. c4 Bg7 3. Nf3 d6 4. Nc3 Bg4 5. e3 Nc6 6. h3 Bd7 7. e4 e5 8. d5 Nce7 9. g4 f5 10. Rg1 fxe4 11. Ng5 Nf6 12. Be3 0-0 13. Bg2 Nc8 14. Ngxe4 Qe7 15. Qd3 Kh8 16. 0-0-0 Ne8 17. Rgf1 c5 18. Bg5 Qf7 19. f4 exf4 20. Rxf4 Qxf4+ 21. Bxf4 Rxf4 22. Rf1 Be5 23. Qe3 Rxf1+ 24. Bxf1 Bd4 25. Qg5 Nb6 26. Bd3 Ng7 27. Nxd6 Rf8 28. Qe7 Kg8 29. Nce4 Ne8 30. Nxe8 Bxe8 31. g5 Nd7 32. Nd6 Ne5 33. Nxe8 Nxd3+ 34. Kd2 Nf2 35. Nf6+ Bxf6 36. gxf6 Rxf6 37. Qxb7 Ne4+ 38. Ke3 Nd6 39. Qb8+ Kg7 40. Qxa7+ Kh6 41. Qxc5 Kh5 42. Qc7 1-0

[Event "Bundesliga 9596"]
[Site "Germany"]
[Date "1996.??.??"]
[Round "?.8"]
[White "Kistella, Roman"]
[Black "Wegner, Hannu"]
[Result "1/2-1/2"]
[WhiteElo "2255"]
[BlackElo "2355"]
[PlyCount "84"]
[EventDate "1995.10.14"]
[EventType "team-tourn"]
[EventRounds "15"]
[EventCountry "GER"]
[SourceTitle "GER-chT"]
[Source "ChessBase"]
[SourceDate "1999.07.01"]
[SourceVersion "1"]
[SourceVersionDate "1999.07.01"]
[SourceQuality "1"]
[WhiteTeam "Wuppertal"]
[BlackTeam "Hamburger SK"]
[WhiteTeamCountry "GER"]
[BlackTeamCountry "GER"]

1. d4 d5 2. Nf3 e6 3. c4 dxc4 4. Qa4+ c6 5. Qxc4 b5 6. Qc2 Bb7 7. g3 Nd7 8. Bg2 c5 9. 0-0 Rc8 10. Qb3 a6 11. a4 b4 12. dxc5 Bxc5 13. a5 Ngf6 14. Nbd2 0-0 15. Ne1 Bxg2 16. Nxg2 Qc7 17. Nf3 Qb7 18. Nf4 e5 19. Ng2 e4 20. Nfe1 Qb5 21. Nf4 h6 22. Be3 Bxe3 23. Qxe3 Rc6 24. Qd2 Rfc8 25. e3 Ne5 26. Ne2 Rc2 27. Qxc2 Rxc2 28. Nd4 Qxf1+ 29. Kxf1 Rxb2 30. Rc1 Nd3 31. Nxd3 exd3 32. Rd1 Ne4 33. Rxd3 Nxf2 34. Rb3 Rxb3 35. Nxb3 Ne4 36. Ke2 f5 37. Kd3 Kf7 38. Kc4 Ke6 39. Nd4+ Ke5 40. Kxb4 g5 41. Kc4 h5 42. Nf3+ Kd6 1/2-1/2

[Event "Bundesliga 9697"]
[Site "Germany"]
[Date "1996.??.??"]
[Round "?.7"]
[White "Thesing, Matthias"]
[Black "Wegner, Hannu"]
[Result "1/2-1/2"]
[WhiteElo "2440"]
[BlackElo "2350"]
[PlyCount "34"]
[EventDate "1996.10.12"]
[EventType "team-tourn"]
[EventRounds "15"]
[EventCountry "GER"]
[SourceTitle "GER-chT"]
[Source "ChessBase"]
[SourceDate "1999.07.01"]
[SourceVersion "1"]
[SourceVersionDate "1999.07.01"]
[SourceQuality "1"]
[WhiteTeam "Duisburg"]
[BlackTeam "Hamburger SK"]
[WhiteTeamCountry "GER"]
[BlackTeamCountry "GER"]

1. e4 c5 2. Nc3 d6 3. f4 Nc6 4. Nf3 g6 5. Bc4 Bg7 6. 0-0 e6 7. d3 Nge7 8. Qe1 h6 9. Bb3 a6 10. Qf2 b6 11. Bd2 Na5 12. Rae1 Nxb3 13. axb3 0-0 14. e5 Bb7 15. Ne4 Bxe4 16. Rxe4 Nc6 17. Rfe1 a5 1/2-1/2

[Event "Bundesliga 9697"]
[Site "Germany"]
[Date "1996.??.??"]
[Round "?.8"]
[White "Wegner, Hannu"]
[Black "Buenermann, Volker"]
[Result "1/2-1/2"]
[WhiteElo "2350"]
[BlackElo "2350"]
[PlyCount "82"]
[EventDate "1996.10.12"]
[EventType "team-tourn"]
[EventRounds "15"]
[EventCountry "GER"]
[SourceTitle "GER-chT"]
[Source "ChessBase"]
[SourceDate "1999.07.01"]
[SourceVersion "1"]
[SourceVersionDate "1999.07.01"]
[SourceQuality "1"]
[WhiteTeam "Hamburger SK"]
[BlackTeam "Bochum"]
[WhiteTeamCountry "GER"]
[BlackTeamCountry "GER"]

1. Nf3 Nf6 2. c4 g6 3. Nc3 Bg7 4. e4 d6 5. d4 0-0 6. Be2 e5 7. d5 Na6 8. Bg5 h6 9. Bh4 g5 10. Bg3 Nxe4 11. Nxe4 f5 12. Nfd2 fxe4 13. Nxe4 Bf5 14. Bd3 g4 15. f3 Bxe4 16. fxe4 Nc5 17. Bf2 Qg5 18. Qe2 h5 19. Bc2 Bh6 20. 0-0 a5 21. Bxc5 dxc5 22. Rf5 Qe3+ 23. Qxe3 Bxe3+ 24. Kf1 Rxf5+ 25. exf5 Bd4 26. a4 Kf7 27. Ke2 Kf6 28. Rf1 Rg8 29. b3 h4 30. Be4 Rg7 31. Kd3 Rg5 32. Ke2 Rg8 33. Kd3 Rh8 34. Ke2 Rg8 35. Kd3 g3 36. h3 Bf2 37. Ke2 Kg5 38. Kf3 Rf8 39. Rd1 Rf6 40. Bc2 Rb6 41. Ke4 Bd4 1/2-1/2

[Event "Bundesliga 9697"]
[Site "Germany"]
[Date "1996.??.??"]
[Round "?.7"]
[White "Wegner, Hannu"]
[Black "Mainka, Romuald"]
[Result "0-1"]
[WhiteElo "2350"]
[BlackElo "2455"]
[PlyCount "78"]
[EventDate "1996.10.12"]
[EventType "team-tourn"]
[EventRounds "15"]
[EventCountry "GER"]
[SourceTitle "GER-chT"]
[Source "ChessBase"]
[SourceDate "1999.07.01"]
[SourceVersion "1"]
[SourceVersionDate "1999.07.01"]
[SourceQuality "1"]
[WhiteTeam "Hamburger SK"]
[BlackTeam "Koeln Porz"]
[WhiteTeamCountry "GER"]
[BlackTeamCountry "GER"]

1. d4 f5 2. Nc3 Nf6 3. Bg5 d5 4. Bxf6 exf6 5. e3 Be6 6. Bd3 Nc6 7. Qf3 Qd7 8. a3 0-0-0 9. Nge2 Kb8 10. 0-0-0 Ne7 11. h3 h5 12. h4 g6 13. Kb1 Nc8 14. Nf4 Bf7 15. Qe2 c6 16. Na4 Nd6 17. Nc5 Qe8 18. Qe1 Rg8 19. Be2 Nc4 20. Nb3 Qe7 21. Qc3 Nd6 22. Qe1 Ka8 23. Rc1 Qc7 24. Nc5 Re8 25. Nfd3 b6 26. Nb3 Ne4 27. Nf4 Bd6 28. g3 c5 29. dxc5 bxc5 30. Nd2 Rb8 31. Nxe4 dxe4 32. c3 Qa5 33. c4 Qxa3 34. Qc3 Rb3 35. Qxf6 Rgb8 36. Rc2 R3b6 37. Kc1 Bxf4 38. Qxf7 Qa1+ 39. Kd2 Rd8+ 0-1

[Event "Bundesliga 9495"]
[Site "Germany"]
[Date "1995.??.??"]
[Round "?.8"]
[White "Stern, Rene"]
[Black "Wegner, Hannu"]
[Result "1-0"]
[WhiteElo "2400"]
[BlackElo "2350"]
[PlyCount "79"]
[EventDate "1994.10.08"]
[EventType "team-tourn"]
[EventRounds "15"]
[EventCountry "GER"]
[SourceTitle "GER-chT"]
[Source "ChessBase"]
[SourceDate "1999.07.01"]
[SourceVersion "1"]
[SourceVersionDate "1999.07.01"]
[SourceQuality "1"]
[WhiteTeam "Berlin Empor"]
[BlackTeam "Hamburger SK"]
[WhiteTeamCountry "GER"]
[BlackTeamCountry "GER"]

1. d4 d5 2. c4 e6 3. Nf3 c6 4. Nbd2 Nf6 5. g3 c5 6. cxd5 Nxd5 7. Bg2 Nc6 8. 0-0 cxd4 9. Nb3 e5 10. Nxe5 Ndb4 11. Nxc6 Nxc6 12. Bxc6+ bxc6 13. Nxd4 Bh3 14. Qa4 Qd5 15. e4 Qxe4 16. f3 Qd5 17. Re1+ Kd7 18. Be3 Bc5 19. Rad1 Kc7 20. Ne6+ Bxe6 21. Rxd5 Bxe3+ 22. Rxe3 cxd5 23. Rc3+ Kd6 24. Qf4+ Ke7 25. Rc7+ Kf8 26. Qd6+ Kg8 27. Rxa7 Rc8 28. Rc7 Ra8 29. b4 h6 30. b5 Kh7 31. b6 Rxa2 32. b7 Rb2 33. g4 h5 34. Qe5 Rb1+ 35. Kf2 Rd8 36. gxh5 Kh6 37. h4 Kh7 38. h6 Rg8 39. hxg7 Rxg7 40. Qh5+ 1-0

[Event "Bundesliga 9394"]
[Site "Germany"]
[Date "1994.03.20"]
[Round "11.5"]
[White "Vaganian, Rafael A"]
[Black "Wegner, Hannu"]
[Result "1-0"]
[WhiteElo "2625"]
[BlackElo "2385"]
[PlyCount "81"]
[EventDate "1993.11.06"]
[EventType "team-tourn"]
[EventRounds "15"]
[EventCountry "GER"]
[SourceTitle "GER-chT"]
[Source "ChessBase"]
[SourceDate "1999.07.01"]
[SourceVersion "1"]
[SourceVersionDate "1999.07.01"]
[SourceQuality "1"]
[WhiteTeam "Koeln Porz"]
[BlackTeam "Hamburger SK"]
[WhiteTeamCountry "GER"]
[BlackTeamCountry "GER"]

1. Nf3 Nf6 2. c4 g6 3. Nc3 d5 4. cxd5 Nxd5 5. Qa4+ Bd7 6. Qh4 Nxc3 7. dxc3 Nc6 8. Bf4 f6 9. Bh6 e5 10. Bxf8 Kxf8 11. 0-0-0 Kg7 12. g4 h6 13. Qg3 Qe7 14. Nh4 Rad8 15. Bg2 g5 16. Nf5+ Bxf5 17. gxf5 Rxd1+ 18. Rxd1 Rd8 19. Bd5 Qc5 20. Qf3 Ne7 21. Be6 Rxd1+ 22. Kxd1 Nc6 23. Qh5 Qf8 24. Kc2 Nd8 25. b4 c6 26. e3 b6 27. f4 exf4 28. exf4 Nb7 29. fxg5 hxg5 30. h4 gxh4 31. Qxh4 Nd6 32. Qg3+ Kh8 33. Qh2+ Kg7 34. Qg2+ Kh8 35. Qxc6 Qd8 36. Qh1+ Kg7 37. Qg2+ Kh8 38. Qh3+ Kg7 39. Qg4+ Kh8 40. Qh5+ Kg7 41. Qg6+ 1-0

[Event "Bundesliga 9394"]
[Site "Germany"]
[Date "1994.03.19"]
[Round "10.5"]
[White "Wegner, Hannu"]
[Black "Fritsche, Lutz"]
[Result "1/2-1/2"]
[WhiteElo "2385"]
[BlackElo "2375"]
[PlyCount "23"]
[EventDate "1993.11.06"]
[EventType "team-tourn"]
[EventRounds "15"]
[EventCountry "GER"]
[SourceTitle "GER-chT"]
[Source "ChessBase"]
[SourceDate "1999.07.01"]
[SourceVersion "1"]
[SourceVersionDate "1999.07.01"]
[SourceQuality "1"]
[WhiteTeam "Hamburger SK"]
[BlackTeam "Koblenz"]
[WhiteTeamCountry "GER"]
[BlackTeamCountry "GER"]

1. d4 Nf6 2. c4 e5 3. dxe5 Ng4 4. Bf4 Nc6 5. Nf3 Bb4+ 6. Nbd2 Qe7 7. e3 Ngxe5 8. Nxe5 Nxe5 9. Be2 a5 10. 0-0 d6 11. a3 Bc5 12. b3 1/2-1/2

[Event "Bundesliga 9495"]
[Site "Germany"]
[Date "1994.??.??"]
[Round "?.8"]
[White "Hermesmann, Hans"]
[Black "Wegner, Hannu"]
[Result "0-1"]
[WhiteElo "2310"]
[BlackElo "2350"]
[PlyCount "82"]
[EventDate "1994.10.08"]
[EventType "team-tourn"]
[EventRounds "15"]
[EventCountry "GER"]
[SourceTitle "GER-chT"]
[Source "ChessBase"]
[SourceDate "1999.07.01"]
[SourceVersion "1"]
[SourceVersionDate "1999.07.01"]
[SourceQuality "1"]
[WhiteTeam "Castrop Rauxel"]
[BlackTeam "Hamburger SK"]
[WhiteTeamCountry "GER"]
[BlackTeamCountry "GER"]

1. d4 d5 2. c4 c6 3. Nc3 Nf6 4. e3 e6 5. Nf3 Nbd7 6. Bd3 dxc4 7. Bxc4 b5 8. Bd3 a6 9. 0-0 c5 10. a4 b4 11. Ne4 Bb7 12. Ned2 Be7 13. a5 0-0 14. Qe2 Qc7 15. h3 cxd4 16. exd4 Nd5 17. Bb1 Nf4 18. Qe3 Nf6 19. Rd1 Rac8 20. Nb3 N6d5 21. Qe1 Qc4 22. Ba2 Qc2 23. Kh2 Bd6 24. g3 Nd3 25. Rxd3 Qxd3 26. Nbd2 Nf6 27. Bb1 Qb5 28. Qd1 Rc7 29. b3 Rfc8 30. Bb2 Bf8 31. Ne5 Qd5 32. f3 Qd8 33. Ndc4 Nd5 34. Qd3 g6 35. Qd2 Bg7 36. Nd3 Nc3 37. Nxb4 Qxd4 38. Qxd4 Bxd4 39. Nd6 Rd8 40. Nxb7 Rxb7 41. Nc6 Rxb3 0-1

[Event "Bundesliga 9394"]
[Site "Germany"]
[Date "1993.11.06"]
[Round "1.6"]
[White "Wegner, Hannu"]
[Black "Seger, Ruediger"]
[Result "1-0"]
[WhiteElo "2390"]
[BlackElo "2355"]
[PlyCount "61"]
[EventDate "1993.11.06"]
[EventType "team-tourn"]
[EventRounds "15"]
[EventCountry "GER"]
[SourceTitle "GER-chT"]
[Source "ChessBase"]
[SourceDate "1999.07.01"]
[SourceVersion "1"]
[SourceVersionDate "1999.07.01"]
[SourceQuality "1"]
[WhiteTeam "Hamburger SK"]
[BlackTeam "Dortmund"]
[WhiteTeamCountry "GER"]
[BlackTeamCountry "GER"]

1. d4 Nf6 2. c4 g6 3. Nc3 d5 4. cxd5 Nxd5 5. e4 Nxc3 6. bxc3 Bg7 7. Bc4 c5 8. Ne2 Nc6 9. Be3 cxd4 10. cxd4 Qa5+ 11. Kf1 0-0 12. Rc1 Bd7 13. h4 Rfc8 14. h5 e5 15. hxg6 hxg6 16. Qb3 Nd8 17. Bh6 b5 18. Bxg7 Kxg7 19. Qe3 bxc4 20. Qh6+ Kf6 21. Qh8+ Ke7 22. dxe5 Qa6 23. Nc3 Ba4 24. Nxa4 c3+ 25. Kg1 c2 26. Rh3 Rc6 27. Nc3 Rb8 28. Rxc2 Rb1+ 29. Kh2 Qf1 30. Nxb1 Rxc2 31. Qf6+ 1-0

[Event "Bundesliga 9293"]
[Site "Germany"]
[Date "1993.??.??"]
[Round "?.7"]
[White "Busch, Klaus"]
[Black "Wegner, Hannu"]
[Result "1/2-1/2"]
[WhiteElo "2385"]
[BlackElo "2370"]
[PlyCount "56"]
[EventDate "1992.10.24"]
[EventType "team-tourn"]
[EventRounds "15"]
[EventCountry "GER"]
[SourceTitle "GER-chT"]
[Source "ChessBase"]
[SourceDate "1999.07.01"]
[SourceVersion "1"]
[SourceVersionDate "1999.07.01"]
[SourceQuality "1"]
[WhiteTeam "Dortmund"]
[BlackTeam "Hamburger SK"]
[WhiteTeamCountry "GER"]
[BlackTeamCountry "GER"]

1. Nf3 Nf6 2. c4 c5 3. g3 Nc6 4. Bg2 g6 5. d4 cxd4 6. Nxd4 Bg7 7. Nc3 0-0 8. 0-0 d6 9. Nxc6 bxc6 10. Bxc6 Rb8 11. Bg2 Qa5 12. Nb5 Bb7 13. Bxb7 Rxb7 14. Bd2 Qa6 15. Bc3 Rc8 16. a4 Rxc4 17. b3 Rc8 18. Rc1 Ne4 19. Bb4 Nc5 20. Bxc5 dxc5 21. Qd3 Qe6 22. Qf3 Qb6 23. b4 c4 24. Rfd1 a6 25. Na3 Rbc7 26. Nc2 c3 27. Qd5 Rc4 28. a5 Qb8 1/2-1/2

[Event "Bundesliga 9293"]
[Site "Germany"]
[Date "1993.??.??"]
[Round "?.7"]
[White "Franke, Heribert"]
[Black "Wegner, Hannu"]
[Result "0-1"]
[WhiteElo "2365"]
[BlackElo "2370"]
[PlyCount "58"]
[EventDate "1992.10.24"]
[EventType "team-tourn"]
[EventRounds "15"]
[EventCountry "GER"]
[SourceTitle "GER-chT"]
[Source "ChessBase"]
[SourceDate "1999.07.01"]
[SourceVersion "1"]
[SourceVersionDate "1999.07.01"]
[SourceQuality "1"]
[WhiteTeam "Sindelfingen"]
[BlackTeam "Hamburger SK"]
[WhiteTeamCountry "GER"]
[BlackTeamCountry "GER"]

1. d4 Nf6 2. Nf3 g6 3. c4 Bg7 4. Nc3 d5 5. e3 0-0 6. Be2 c5 7. 0-0 cxd4 8. exd4 Nc6 9. Be3 Bg4 10. c5 Ne4 11. Rc1 Nxc3 12. Rxc3 Bxf3 13. Bxf3 e5 14. Rb3 e4 15. Be2 Qd7 16. Qd2 f5 17. Bb5 Rf7 18. Rd1 Kh8 19. Bh6 Bxh6 20. Qxh6 f4 21. Qh3 Qe7 22. Qc3 f3 23. g3 h5 24. h4 g5 25. hxg5 Qxg5 26. Bxc6 bxc6 27. Qe3 Qxe3 28. Rxe3 Rb8 29. b3 h4 0-1

[Event "Heart of Finland op 03rd"]
[Site "Jyvaskyla"]
[Date "1993.??.??"]
[Round "6"]
[White "Kiik, Kalle"]
[Black "Wegner, Hannu"]
[Result "1/2-1/2"]
[WhiteElo "2370"]
[BlackElo "2390"]
[PlyCount "23"]
[EventDate "1993.07.??"]
[EventType "swiss"]
[EventRounds "9"]
[EventCountry "FIN"]
[SourceTitle "EXT 2000"]
[Source "ChessBase"]
[SourceDate "1999.11.16"]
[SourceVersion "1"]
[SourceVersionDate "1999.11.16"]
[SourceQuality "1"]

1. e4 d5 2. exd5 Qxd5 3. Nc3 Qa5 4. d4 Nf6 5. Nf3 Bf5 6. Ne5 c6 7. Bd3 Bxd3 8. Qxd3 e6 9. 0-0 Nbd7 10. Nxd7 Kxd7 11. Be3 Bd6 12. Ne2 1/2-1/2

[Event "Bundesliga 9293"]
[Site "Germany"]
[Date "1993.??.??"]
[Round "?.7"]
[White "Wegner, Hannu"]
[Black "Lingnau, Carsten"]
[Result "1/2-1/2"]
[WhiteElo "2370"]
[BlackElo "2415"]
[PlyCount "29"]
[EventDate "1992.10.24"]
[EventType "team-tourn"]
[EventRounds "15"]
[EventCountry "GER"]
[SourceTitle "GER-chT"]
[Source "ChessBase"]
[SourceDate "1999.07.01"]
[SourceVersion "1"]
[SourceVersionDate "1999.07.01"]
[SourceQuality "1"]
[WhiteTeam "Hamburger SK"]
[BlackTeam "Bielefeld"]
[WhiteTeamCountry "GER"]
[BlackTeamCountry "GER"]

1. d4 Nf6 2. c4 g6 3. Nc3 d5 4. Nf3 Bg7 5. Qb3 dxc4 6. Qxc4 0-0 7. e4 a6 8. Qb3 b5 9. e5 Ng4 10. h3 Nh6 11. Bf4 c5 12. Qd5 cxd4 13. Nxd4 Ra7 14. Qxd8 Rxd8 15. Be3 1/2-1/2

[Event "Arnold Cup"]
[Site "Gausdal"]
[Date "1992.??.??"]
[Round "6"]
[White "Emms, John M"]
[Black "Wegner, Hannu"]
[Result "1-0"]
[WhiteElo "2455"]
[BlackElo "2365"]
[PlyCount "69"]
[EventDate "1992.04.??"]
[EventType "swiss"]
[EventRounds "9"]
[EventCountry "NOR"]
[SourceTitle "TD"]
[Source "ChessBase"]
[SourceDate "1994.03.01"]
[SourceVersion "1"]
[SourceVersionDate "1994.03.01"]
[SourceQuality "1"]

1. e4 e5 2. Nf3 Nc6 3. Bb5 Nf6 4. 0-0 Bc5 5. Nc3 d6 6. d4 exd4 7. Nxd4 Bd7 8. Nxc6 bxc6 9. Bd3 Ng4 10. h3 Ne5 11. Na4 Bb6 12. Be2 Qh4 13. Nxb6 axb6 14. f4 Ng6 15. Kh2 0-0 16. Bd2 f5 17. g3 Qe7 18. exf5 Bxf5 19. Bf3 d5 20. Bc3 Rad8 21. Re1 Qd6 22. Qd4 Rf7 23. Rad1 Bxc2 24. Rd2 Bf5 25. b4 Bc8 26. b5 Bb7 27. bxc6 Bxc6 28. f5 Ne7 29. Bh5 Nxf5 30. Bxf7+ Kxf7 31. Qf2 Kg6 32. Re5 Rf8 33. Qf4 Qf6 34. Qg4+ Kh6 35. Rxf5 1-0

[Event "Kuopio op"]
[Site "Kuopio"]
[Date "1992.??.??"]
[Round "7"]
[White "Kveinys, Aloyzas"]
[Black "Wegner, Hannu"]
[Result "1-0"]
[WhiteElo "2545"]
[BlackElo "2365"]
[PlyCount "57"]
[EventDate "1992.07.??"]
[EventType "swiss"]
[EventRounds "9"]
[EventCountry "FIN"]
[SourceTitle "EXT 2000"]
[Source "ChessBase"]
[SourceDate "1999.11.16"]
[SourceVersion "1"]
[SourceVersionDate "1999.11.16"]
[SourceQuality "1"]

1. e4 e5 2. Nf3 Nc6 3. Bb5 a6 4. Ba4 Nf6 5. 0-0 Be7 6. Re1 b5 7. Bb3 0-0 8. c3 d5 9. exd5 Nxd5 10. Nxe5 Nxe5 11. Rxe5 c6 12. d3 Bd6 13. Re1 Qh4 14. g3 Qh3 15. Re4 Qd7 16. Nd2 Bb7 17. Re1 c5 18. Ne4 Be7 19. d4 c4 20. Bc2 h6 21. f3 f5 22. Nf2 Bd6 23. Bd2 Rae8 24. Rxe8 Rxe8 25. Qf1 Ne3 26. Bxe3 Rxe3 27. Qh3 g6 28. Qxh6 Qe6 29. Be4 1-0